000 00766nas a2200241 4500
001 BR7502365
003 BR-BrBNA
005 20231205082819.0
007 ta
008 230509b bl.|||p| |||| 00| 00por d
040 _aBR-BrBNA
_bpor
_cBiblioteca Nacional de Agricultura
041 _a(Pt)
072 _aF50
100 1 _aBarros, M.A.A. de
245 1 _aOcorrencia de domacias em especies e hibridos da familia Vitaceae [Etrutura vegetal; Folha]
650 _aEstrutura vegetal
650 _aMorfologia vegetal
650 _aFolha
650 _aDomacia
773 0 _tAnais da Escola Superior de Agricultura Luiz de Queiroz (Brazil)
_xISSN 0071-1276
_g(1975), v. 32 p. 691-693
_wBR7502365
909 _a202311
_bLúcia
_c55
_dLúcia Elande
942 _2AGRIS
_n0
_cANA
999 _c94391
_d94391